000 00666aam a2200241 4500
005 20170118160738.0
008 150417b xxu||||| |||| 00| 0 spa d
041 _aspa
082 _a153.9 M385t
100 _aMartineud, Sophie
_936594
245 _aEl test de inteligencia emocional: cómo averiguar su cociente emocional
260 _aEstados Unidos
_bMartinel Roca
_c1998
300 _a221 páginas
650 _aINTELIGENCIA EMOCIONAL
_93639
650 _aCUERPO
_92000
650 _aFAMILIA
_936619
650 _aSOCIEDAD
_9545
650 _aTRABAJO
_91443
650 _aVACACIONES
_936596
650 _aAMOR
_95513
650 _aTEST
_92149
942 _cBK
999 _c4778
_d4778